| 000 | 01965nam a2200421 a 4500 | ||
|---|---|---|---|
| 003 | BLK | ||
| 005 | 20240125125358.0 | ||
| 008 | 180412b bul|||||r ||||||| ||bul|| | ||
| 010 | _aKNG00005082000 | ||
| 020 | _a954-426-077-3 | ||
| 040 | _aBLK | ||
| 041 |
_aBUL _cBUL |
||
| 080 |
_aЛитература в основното училище. Методика на обучението _b373.3.016:821 _x(082)(07) _z373.3.016:821(082)(07) |
||
| 080 |
_aЛитература на отделни езици и езикови семейства _b821 _x-93-34 _z821-93-34 |
||
| 100 | 1 |
_aАнгелова, Веселина _eпърви автор _9243222 |
|
| 139 |
_aАнгелова, Веселина _bА 64 |
||
| 245 | 1 | 0 |
_aЛюбими спътници на детството _bАз и световните разказвачи на приказки _cВеселина Ангелова; съавт. Елена Блажева Маринова; съавт. Тинка Иванова Арнаутска; Веселина Ангелова Бобанац. |
| 257 | _aBGR | ||
| 260 |
_aСофия _bАнубис _c1994 |
||
| 300 |
_a256 с. _c20 см |
||
| 380 | _a0 | ||
| 500 | _aПълното име на първата авт. е Веселина Ангелова Бобанац. | ||
| 650 | 4 |
_aЛитература - христоматии - учебни помагала _9248091 |
|
| 653 | _aлитература | ||
| 653 | _aхристоматии | ||
| 700 | 1 |
_aМаринова, Елена Блажева _eсъавт. _9363621 |
|
| 700 | 1 |
_aАрнаутска, Тинка Иванова _eсъавт. _933633 |
|
| 700 | 1 |
_aБобанац, Веселина Ангелова _9243223 |
|
| 852 |
_aЦб 179641 _bЦб |
||
| 856 | 4 |
_qpdf _u |
|
| 856 | 4 |
_qpdf _u |
|
| 942 |
_cKNG _n0 _01 _s1 |
||
| 944 |
_aCR _c28.03.2003 _k30534 _lРадостина Карадакова |
||
| 944 |
_aED _c08.09.2011 |
||
| 999 |
_c3962 _d3962 |
||
| 999 | _d3962 | ||
| 999 | _d3962 | ||
| 999 | _d3962 | ||